Visualizzazione normale
Vista MARC
- COMMEDIA
di Topical Term
Records bibliografici associati: 1
001 - CONTROL NUMBER
- control field: 37487
003 - CONTROL NUMBER IDENTIFIER
- control field: IT-RoPau
005 - DATE AND TIME OF LATEST TRANSACTION
- control field: 20151125165728.0
008 - FIXED-LENGTH DATA ELEMENTS
- fixed length control field: 151125|| aca||aabn | a|a d
040 ## - CATALOGING SOURCE
- Original cataloging agency: IT-RoPau
- Transcribing agency: IT-RoPau
150 ## - HEADING--TOPICAL TERM
- Topical term or geographic name entry element: COMMEDIA
- : FILMS [VHS]
- General subdivision: Codice MATERIA SPICS: 9960
670 ## - SOURCE DATA FOUND
- Source citation: Work cat.: (IT-RoPau)104755: Rohmer Eric Codice regista SPICS: 1948 37485, RACCONTO DI PRIMAVERA RACCONTO DI PRIMAVERA (Rif. Codice opera principale : A5297)